STN EN 474-12+A1: 2009 (27 5340) Stroje na zemné práce. Bezpečnosť Časť 12 Požiadavky na lanové rýpadlá (Konsolidovaný text)

Táto norma je slovenskou verziou európskej normy EN 474-12: 2006+A1: 2008. Preklad zabezpečil Slovenský ústav technickej normalizácie. Táto norma má rovnaké postavenie, ako majú oficiálne verzie

Bibliographic Details
Corporate Author: INFOVUSAM (Zvolen, Slovensko) (Author)
Other Authors: Volčková, Antónia (Translator)
Format: Book
Language:Slovak
English
PhysicalDescription:24 s. obr., tab. 30 cm
Published: Bratislava Slovenský ústav technickej normalizácie 2009
Subjects:

MARC

LEADER 00000nam a2200000 a 4500
001 vtls009844309
003 SK-MaSNL
005 20260301212125.0
008 160624s2009 xo ka f u 000 0 slo
015 |a SNBN2009/04-01446 
020 |c (cen. skup. 12) 
035 |a (SVKBBclas03)vtls000308670 
040 |a SNK  |b slo  |c SNK  |e AACR2 
041 1 |a slo  |h eng 
044 |a xo  |c SK 
046 |a s  |m 200904 (účin. ) 
072 7 |a 621  |x Strojárstvo  |2 konspekt 
080 |a 621.879  |2 2001 
080 |a 006.7/.8  |2 2001 
080 |a (437.6) 2 2001  |2 1981 
080 |a (4)  |2 2001 
080 |a 629.3.047  |2 2001 
084 |a 53.100  |2 ICS 
130 0 |a STN EN 27 5340 (STN EN 474-12+A1)  |9 597089 
245 1 0 |a STN EN 474-12+A1: 2009 (27 5340) Stroje na zemné práce. Bezpečnosť  |n Časť 12  |p Požiadavky na lanové rýpadlá (Konsolidovaný text)  |c spracovateľ INFOVUSAM, Zvolen, Antónia Volčková 
246 1 0 |a Stroje na zemné práce 
246 3 0 |a EN 474-12: 2006+A1: 2008 E 
246 1 0 |a Bezpečnosť. Časť 12 
246 1 0 |a Požiadavky na lanové rýpadlá (Konsolidovaný text) 
260 |a Bratislava  |b Slovenský ústav technickej normalizácie  |c 2009 
300 |a 24 s.  |b obr., tab.  |c 30 cm 
500 |a Táto norma nahrádza STN EN 474-12 z mája 2007 v celom rozsahu. STN EN 474-12 z mája 2007 sa môže súbežne s touto normou používať do 28.12.2009 
504 |a Citované normy, súvisiace právne predpisy s. 2 ; literatúra s. 24 
520 8 |a Táto norma je slovenskou verziou európskej normy EN 474-12: 2006+A1: 2008. Preklad zabezpečil Slovenský ústav technickej normalizácie. Táto norma má rovnaké postavenie, ako majú oficiálne verzie 
540 |a STN vydané na akomkoľvek nosiči sa môžu rozmnožovať a rozširovať iba so súhlasom určenej právnickej osoby  |b SÚTN Bratislava  |c zákon 264/1999 Z. z. 
650 0 7 |a stroje na zemné práce  |2 SVKBBPH  |9 263238 
650 0 7 |a technické normy a štandardy  |z Slovensko  |2 SVKBBPH  |9 79594 
650 0 7 |a technické normy a štandardy  |z krajiny Európskej únie  |2 SVKBBPH  |9 289341 
650 0 7 |a bagre  |2 SVKBBPH  |9 124062 
650 0 7 |a bezpečnosť  |2 SVKBBPH  |9 274422 
655 7 |a normy  |2 SVKBBPH  |9 70643 
700 1 |a Volčková, Antónia  |4 trl  |9 321902 
710 2 |a INFOVUSAM (Zvolen, Slovensko)  |4 aut  |9 298995 
710 2 |a Slovenský ústav technickej normalizácie (Bratislava, Slovensko)  |b Technická komisia: TK 23 Stavebné, zemné stroje a priemyselné vozíky  |4 stn  |9 322076 
774 1 8 |t STN EN 474-12: 2007  |d Bratislava: Slovenský ústav technickej normalizácie, 2007  |w vtls009866241 
958 |a OP 
958 |a NB 
999 |c 917424  |d 919354 
952 |a SNK  |b SNK  |y PREZ  |7 0  |p 17A0619383  |o snkSTN EN 474-12+A1  |i snk2009/7365  |8 0  |0 0  |1 0  |4 0  |d 2009-04-20  |l 0  |r 2026-02-24 08:05:01  |w 2026-02-24 
952 |a SNK  |b SNK  |y PREZ  |7 0  |p 17A0619384  |o snkSTN EN 474-12+A1 D1  |i snk2009/7366  |8 0  |0 0  |1 0  |4 0  |d 2009-04-20  |l 0  |r 2026-02-24 08:05:01  |w 2026-02-24